[Event "Torino Sada op"]
[Site "Torino"]
[Date "2014.09.22"]
[Round "2"]
[White "Gattiglio, Maurizio"]
[Black "Giacometto, Mario"]
[Result "0-1"]
[WhiteElo "1793"]
[BlackElo "1947"]
[PlyCount "68"]
[EventDate "2014.09.15"]
[EventType "swiss"]
[EventRounds "7"]
[EventCountry "ITA"]
[SourceTitle "EXT 2018"]
[Source "ChessBase"]
[SourceDate "2017.10.13"]
[SourceVersion "1"]
[SourceVersionDate "2017.10.13"]
[SourceQuality "1"]

1. Nf3 d5 2. g3 Nf6 3. Bg2 e6 4. 0-0 Be7 5. d3 0-0 6. Nbd2 b6 7. e4 dxe4 8. Ng5 Nbd7 9. Ngxe4 Rb8 10. Nxf6+ Nxf6 11. Nc4 Nd7 12. Bf4 Bf6 13. Re1 a5 14. h4 Ba6 15. Ne5 Nxe5 16. Bxe5 Bxe5 17. Rxe5 Qd4 18. Rh5 g6 19. Rg5 Qxb2 20. d4 Bc4 21. a4 Qb4 22. h5 Qe7 23. f4 Bd5 24. hxg6 hxg6 25. Qh5 Bxg2 26. Kxg2 Kg7 27. Re1 Rh8 28. Qg4 Qf6 29. Ree5 Rh6 30. f5 exf5 31. Rgxf5 Qc6+ 32. d5 Qxc2+ 33. Rf2 Rh2+ 34. Kxh2 Qxf2+ 0-1

[Event "Turin olympic op-B"]
[Site "Turin"]
[Date "2006.05.27"]
[Round "6"]
[White "Picarella, Marco"]
[Black "Gattiglio, Maurizio"]
[Result "1-0"]
[WhiteElo "1763"]
[BlackElo "1717"]
[PlyCount "67"]
[EventDate "2006.05.22"]
[EventType "swiss"]
[EventRounds "9"]
[EventCountry "ITA"]
[SourceTitle "EXT 2011"]
[Source "ChessBase"]
[SourceDate "2010.11.26"]
[SourceVersion "1"]
[SourceVersionDate "2010.11.26"]
[SourceQuality "1"]

1. d4 Nf6 2. c4 e5 3. dxe5 Ne4 4. Nd2 Nc5 5. b4 Ne6 6. a3 d6 7. exd6 Qf6 8. Rb1 cxd6 9. Ngf3 Be7 10. g3 0-0 11. Bg2 Qg6 12. Bb2 f5 13. e3 Nd7 14. Nb3 Nf6 15. Qd3 Ne4 16. Nbd4 h5 17. Nxe6 Bxe6 18. Nd4 Bf7 19. 0-0 d5 20. c5 Be8 21. Ne2 Qf7 22. Nf4 Bc6 23. Rfd1 Rad8 24. Qb3 g5 25. Nd3 Bb5 26. Ne5 Qe6 27. Bf1 Bxf1 28. Kxf1 f4 29. exf4 Qh3+ 30. Ke2 gxf4 31. Rxd5 f3+ 32. Ke1 Kh7 33. Rxd8 Rxd8 34. Qf7+ 1-0